000 00714nam a2200253 i 4500
001 9829
003 ES-MaACL
005 20230906145750.0
007 t|
008 940124s1985 sp ||||1| spa d
020 _a84-297-2408-7
080 _a849.9-14"19"
080 _a849.9(Comadira,N.7 E.02)
100 1 _aComadira, Narcís.
_939927
245 1 0 _aEnigma
_b: text bilingüe /
_cNarcís Comadira.
250 _a[1ª ed.].
260 _aBarcelona :
_bPenínsula :
_bEdicions 62,
_c1985.
300 _a92 p. ;
_c21 cm.
490 1 _aPoética ;
_v1
500 _aTexto en catalán y castellano.
830 0 _aPoética ;
_v1
_9178602
852 _aES-MaACL
_jL-17096
_bR.121980
999 _c9829
_d9829